US Vice Presidents Quiz Stats

 Plays Quiz Updated Sep 12, 2018

Score 0/48 Timer 10:00
18 Plays Today
Years Vice President % Correct
1789-1797John Adams
94.5%
1865-1865Andrew Johnson
91.9%
1961-1963Lyndon B. Johnson
91.6%
1837-1841Richard M. Johnson
91.4%
1797-1801Thomas Jefferson
91.1%
2009-2017Joseph R. Biden
91.1%
2017-Mike Pence
89.9%
1993-2001Albert A. Gore Jr.
89.4%
2001-2009Richard B. Cheney
88.6%
1981-1989George H. W. Bush
87%
1973-1974Gerald R. Ford Jr.
84.7%
1901-1901Theodore Roosevelt
82.3%
1945-1945Harry S. Truman
79.7%
1953-1961Richard M. Nixon
79.6%
1989-1993J. Danforth Quayle
75.4%
1841-1841John Tyler
73.3%
1969-1973Spiro T. Agnew
72.3%
1921-1923Calvin Coolidge
69.9%
1881-1881Chester A. Arthur
67.5%
1833-1837Martin Van Buren
66%
1977-1981Walter F. Mondale
66%
1801-1805Aaron Burr
64.2%
1849-1850Millard Fillmore
62.5%
1974-1977Nelson A. Rockefeller
59.5%
Years Vice President % Correct
1965-1969Hubert H. Humphrey Jr.
57.3%
1805-1812George Clinton
55.5%
1873-1875Henry Wilson
52.8%
1825-1832John C. Calhoun
49.6%
1893-1897Adlai E. Stevenson
48%
1861-1865Hannibal Hamlin
45.9%
1941-1945Henry A. Wallace
41.6%
1813-1814Elbridge Gerry
40.8%
1933-1941John Nance Garner
39.6%
1949-1953Alben W. Barkley
38.4%
1853-1853William R. King
38.3%
1857-1861John C. Breckinridge
38%
1869-1873Schuyler Colfax
37.7%
1845-1849George Dallas
37.2%
1913-1921Thomas R. Marshall
36.5%
1817-1825Daniel D. Tompkins
36.4%
1925-1929Charles G. Dawes
36%
1905-1909Charles W. Fairbanks
34.8%
1909-1912James S. Sherman
34.4%
1929-1933Charles Curtis
33.8%
1897-1899Garret Hobart
32.9%
1877-1881William A. Wheeler
32.1%
1889-1893Levi P. Morton
31.9%
1885-1885Thomas Hendricks
30.1%

You're not logged in!

Compare scores with friends on all Sporcle quizzes.
OR
Log In

Sporcle TV

Today on Sporcle TV


Watch our educational content, quiz creation guides, and fun videos on Sporcle TV.

Show Comments

Extras

Top Quizzes Today


Score Distribution

Your Account Isn't Verified!

In order to create a playlist on Sporcle, you need to verify the email address you used during registration. Go to your Sporcle Settings to finish the process.

Report this User

Report this user for behavior that violates our Community Guidelines.

Details: